Population policy : (Record no. 57375)
[ view plain ]
| 000 -LEADER | |
|---|---|
| fixed length control field | 00818nam a2200229 a 4500 |
| 001 - CONTROL NUMBER | |
| control field | 57375 |
| 003 - CONTROL NUMBER IDENTIFIER | |
| rucl marc code | BD-RjUL |
| 005 - DATE AND TIME OF LATEST TRANSACTION | |
| control field | 20211209080512.0 |
| 008 - FIXED-LENGTH DATA ELEMENTS--GENERAL INFORMATION | |
| fixed length control field | 161208s1980 nyu b 000 0 eng d |
| 020 ## - INTERNATIONAL STANDARD BOOK NUMBER | |
| International Standard Book Number | 0903804786 |
| 035 ## - SYSTEM CONTROL NUMBER | |
| System control number | (BD-RjUL)57499 |
| 040 ## - CATALOGING SOURCE | |
| Original cataloging agency | MUU |
| Transcribing agency | MUU |
| Modifying agency | BD-RjUL |
| Language of cataloging | eng |
| 041 ## - LANGUAGE CODE | |
| Language code of text/sound track or separate title | eng |
| 082 ## - DEWEY DECIMAL CLASSIFICATION NUMBER | |
| Edition number | 23 |
| Classification number | 304.66091724 |
| Author mark and year | POP 1980 |
| 245 00 - TITLE STATEMENT | |
| Title | Population policy : |
| Remainder of title | research priorities in the developing world : report of the International Review Group of Social Science Research on Population and Development / |
| Statement of responsibility, etc. | Prepared by Carmen A. Miro ... [et al.] |
| 260 ## - PUBLICATION, DISTRIBUTION, ETC. (IMPRINT) | |
| Place of publication, distribution, etc. | London : |
| Name of publisher, distributor, etc. | Frances Pinter, |
| Date of publication, distribution, etc. | 1980 |
| 300 ## - PHYSICAL DESCRIPTION | |
| Pagination | xi, 197 p. ; |
| Size | 22 cm |
| 504 ## - BIBLIOGRAPHY, ETC. NOTE | |
| Bibliography, etc | Includes bibliographical references |
| 651 #0 - SUBJECT ADDED ENTRY--GEOGRAPHIC NAME | |
| Geographic name | Developing countries |
| General subdivision | Population policy |
| 9 (RLIN) | 170405 |
| 700 ## - ADDED ENTRY--PERSONAL NAME | |
| Personal name | Miro, A. |
| 942 ## - ADDED ENTRY ELEMENTS (KOHA) | |
| Source of classification or shelving scheme | Dewey Decimal Classification |
| Koha item type | Books |
| Lost status | Source of classification or shelving scheme | Damaged status | Not for loan | Collection code | Permanent Location | Current Location | Shelving location | Date acquired | Source of acquisition | Cost, normal purchase price | Total Checkouts | Full call number | Date last seen | Copy number | Koha item type |
|---|---|---|---|---|---|---|---|---|---|---|---|---|---|---|---|
| Dewey Decimal Classification | Not For Loan | Non-fiction | Central Library, University of Rajshahi | Central Library, University of Rajshahi | Reading Room | 20/12/1979 | Aligorh Library, Rajshahi | 10.95 | 304.66091724 POP 1980 | 08/12/2016 | C-1 | Books |